000 00533nam a2200169Ia 4500
003 GCL
008 140319s9999 xx 000 0 ara d
040 _aGCL /
_cGCL
082 0 4 _a237
_bش ا
100 1 _aشعبان محمد اسماعيل
245 1 0 _aالاحاديث القدسية ومنزلتها في التشريع /
_cشعبان محمد اسماعيل
260 _a[S.N] :
_bدار المريخ للنشر ،
_c1982
300 _a187 ص
490 _a
650 0 4 _aالاحاديث القدسية
942 _2ddc
_cBK
999 _c32772
_d32772